| 000 | 00558nam a2200169 a 4500 | ||
|---|---|---|---|
| 001 | 000036029 | ||
| 005 | 20200930074820.0 | ||
| 008 | 111123s1992 dr 000 0 spa d | ||
| 040 |
_aDO-SdBNP _bspa _cBNPHU |
||
| 082 |
_axxxx _bR426l |
||
| 110 | 1 |
_aRepública Dominicana _9447 |
|
| 240 | 1 | 0 | _a[Leyes etc.] |
| 245 | 1 | 0 | _aLeyes, decretos y resoluciones sobre el trabajo asalariado en el año de 1991. |
| 260 |
_aSanto Domingo : _bEditora Taller, _c1992. |
||
| 300 |
_a71 p. ; _c21 cm. |
||
| 710 | 2 |
_aSecretaría de Estado de Trabajo, República Dominicana _962076 |
|
| 999 |
_c35520 _d35520 |
||